000 00877nas a2200301 4500
001 BR9511460
003 BR-BrBNA
005 20231205095606.0
007 ta
008 230509b bl.|||p| |||| 00| 00por d
040 _aBR-BrBNA
_bpor
_cBiblioteca Nacional de Agricultura
041 _a(Pt)
072 _aE16
100 1 _aGoncalves, W.M.
100 1 _aSette, R. de S.
100 1 _aAntonialli, L.M.
100 1 _aReis, R.P.
245 1 _aRelacao entre custo, volume e lucro da cultura da soja, em uma empresa que atua no cerrado
650 _aSoja
650 _aCusto de Producao
650 _aVolume
650 _aLucro
650 _aEmpresa Agricola
650 _aCerrado
773 0 _tCadernos de Administracao Rural (Brazil)
_xISSN 0103-412X
_g(1994), v. 6(1-2) p. 11-22
_wBR9511460
909 _a202311
_bLúcia
_c55
_dLúcia Elande
942 _2AGRIS
_n0
_cANA
999 _c151564
_d151564